|
|
|
|
| LEADER |
00000nab#a22000007a#4500 |
| 001 |
arbauad041006 |
| 003 |
AR-BaUAD |
| 005 |
20250711113219.0 |
| 008 |
991019|||||||||###||||||b###|0###a|spa|| |
| 040 |
|
|
|a AR-BaUAD
|c AR-BaUAD
|b spa
|
| 100 |
|
|
|a Giacobone, Tersilla
|
| 245 |
|
|
|a Libertà per l'ufficio /
|c Tersilla Giacobone;
|
| 300 |
0 |
|
|b fot.
|
| 653 |
|
|
|a EQUIPAMIENTO
|
| 653 |
|
|
|a OFICINAS
|
| 653 |
|
|
|a PUESTOS DE TRABAJO
|
| 653 |
|
|
|a ESPACIO
|
| 653 |
|
|
|a ERGONOMIA
|
| 653 |
|
|
|a MOBILIARIO
|
| 653 |
|
|
|a ESCRITORIOS
|
| 653 |
|
|
|a MESAS
|
| 653 |
|
|
|a COMPUTACION
|
| 653 |
|
|
|a SILLAS
|
| 653 |
|
|
|a BUTACAS
|
| 653 |
|
|
|a CAJONERAS
|
| 653 |
|
|
|a SISTEMAS
|
| 653 |
|
|
|a DISEÑO INDUSTRIAL
|
| 653 |
|
|
|a DISEÑO DE INTERIORES
|
| 773 |
0 |
|
|t INTERNI
|g no. 487 [ene.-feb. 1999], p. 150-159
|
| 942 |
|
|
|c ARTI
|
| 952 |
|
|
|0 0
|1 0
|4 0
|7 0
|9 85925
|a AR-BAuAD
|b AR-BAuAD
|d 2025-07-11
|l 0
|p AAQA041006
|r 2025-07-11 11:32:19
|w 2025-07-11
|y ARTI
|
| 990 |
|
|
|a DI199
|b TD
|
| 998 |
|
|
|a AAQ
|b BIBUN76
|
| 999 |
|
|
|c 65598
|d 65598
|